00262nam a2200097Ia 4500008004100000082000800041100002600049245006800075942000600143999001500149240331s9999 xx 000 0 und d bGOO aSouth Asia SAP-N. ed 0aGood governance :benhancing perspective for strategic planning cL c5622d5622